Central Library OPAC University of Rajshahi

سنن ابی داود شریف مترجم اردو ;; Sunan Abī Dāwūd / (Record no. 79077)

MARC details
000 -LEADER
fixed length control field 00997cam a2200265 a 4500
001 - CONTROL NUMBER
control field 79077
003 - CONTROL NUMBER IDENTIFIER
rucl marc code BD-RjUL
005 - DATE AND TIME OF LATEST TRANSACTION
control field 20220807130716.0
008 - FIXED-LENGTH DATA ELEMENTS--GENERAL INFORMATION
fixed length control field 211223s196? pk h b 00110 urd
035 ## - SYSTEM CONTROL NUMBER
System control number BD-RjUL) 79077
040 ## - CATALOGING SOURCE
Original cataloging agency DLC-R
Transcribing agency DLC-R
Modifying agency DLC-R
-- DLC
Language of cataloging eng
041 ## - LANGUAGE CODE
Language code of text/sound track or separate title urd
082 ## - DEWEY DECIMAL CLASSIFICATION NUMBER
Edition number 23
Classification number 297.12551
Author mark and year ABS 196?
100 0# - MAIN ENTRY--PERSONAL NAME
Personal name .Abū Dāʼūd Sulaymān ibn al-Ashʻath al-Sijistānī,
Dates associated with a name 817 or 818-889.
9 (RLIN) 250714
245 10 - TITLE STATEMENT
Title سنن ابی داود شریف مترجم اردو ;; Sunan Abī Dāwūd /
Statement of responsibility, etc. أبو داود، سليمان بن الاشعث; مترجم وحيد الزمان, .;; 'abu dawud, sulayman bin aliashaeth,,
Number of part/section of a work 817-889
260 ## - PUBLICATION, DISTRIBUTION, ETC. (IMPRINT)
Place of publication, distribution, etc. Karachi:
Name of publisher, distributor, etc. Quran Mahal;
Date of publication, distribution, etc. 196?
300 ## - PHYSICAL DESCRIPTION
Pagination v.;
Size 24 cm
500 ## - GENERAL NOTE
General note Translate Into Urdu [arabic-Urdu]
505 ## - FORMATTED CONTENTS NOTE
Formatted contents note Vol. 3.--
650 #0 - SUBJECT ADDED ENTRY--TOPICAL TERM
Topical term or geographic name as entry element Hadith
Form subdivision Texts
-- Early works to 1800.
9 (RLIN) 250715
Topical term or geographic name as entry element Abu Daud
9 (RLIN) 250716
700 ## - ADDED ENTRY--PERSONAL NAME
Personal name مترجم وحيد الزمان
942 ## - ADDED ENTRY ELEMENTS (KOHA)
Source of classification or shelving scheme Dewey Decimal Classification
Koha item type Books
Holdings
Lost status Source of classification or shelving scheme Damaged status Not for loan Collection code Permanent Location Current Location Shelving location Date acquired Full call number Date last seen Copy number Koha item type Total Checkouts
  Dewey Decimal Classification   Not For Loan Non-fiction Central Library, University of Rajshahi Central Library, University of Rajshahi Reading Room 28/12/2021 U 297.12551 DAS V-3 196? 28/12/2021 C-1 Books  
  Dewey Decimal Classification   Not For Loan Non-fiction Central Library, University of Rajshahi Central Library, University of Rajshahi Reading Room 07/08/2022 U 297.12551 ABS V-1 196? 07/08/2022 C-1 Books